000 01413nac a2200373 i 4500
003 EG-GICUC
005 20260121101648.0
008 891113s1986 enk frb 101 0 eng d
020 _a0333379896
020 _a033337990X
_qpbk.
020 _a9780333379899
040 _aMH
_cMH
_dDLC
_dEG-GICUC
_beng
_erda
050 1 4 _aHV6273
_b.F87x 1986b
082 0 4 _221
092 0 4 _221
099 _aLaw 10 1986
245 0 4 _aThe future of political violence :
_bdestabilization, disorder, and terrorism /
_c[edited by] Richard Clutterbuck.
264 _aHoundmills, Basingstoke, Hampshire :
_bMacmillan,
_c1986.
300 _axv, 206 pages ;
_c23 cm.
336 _atext
_btxt
_2rdacontent
337 _aComputer
_bn
_2rdamedia
338 _aOnline Resource
_bnc
_2rdacarrier
440 0 _aRUSI defence studies series
500 _aIncludes papers from two conferences held in 1983 and sponsored by the Royal United Services Institute and Control Risks Information Services.
504 _aIncludes bibliographical references (p. 194-196).
650 0 _aPolitical crimes and offenses
_xCongresses.
650 0 _aTerrorism
_xCongresses.
700 1 _aClutterbuck, Richard L.
710 2 _aRoyal United Services Institute for Defence Studies.
710 2 _aControl Risks Information Services.
856 4 0 _uhttps://fll.law.cu.edu.eg/fulltext/bks/ENGB10-00154.pdf
905 _a10
942 _2ddc
_cBK
_e21
_n0
999 _c54584
_d54584